Analýza akciových indexov

Charakteristika indexov. Výpočet indexov. Informácie a indexy. Funkcie a význam akciových indexov. Indexové kritériá. Členenie indexov a ich konštrukcia. Historický pohľad na indexy. Matematický výpočet indexov.

Guardado en:
Detalles Bibliográficos
Autor principal: Valter, Ján
Formato: Capítulo de libro
Lenguaje:eslovaco
Materias:
Etiquetas: Agregar Etiqueta
Sin Etiquetas, Sea el primero en etiquetar este registro!

MARC

LEADER 00000nla$a2200000$$$4500
001 0045072
005 20231121080811.8
041 0 |a slo 
044 |a SK 
245 1 0 |a Analýza akciových indexov  |c Ján Valter 
520 |a Charakteristika indexov. Výpočet indexov. Informácie a indexy. Funkcie a význam akciových indexov. Indexové kritériá. Členenie indexov a ich konštrukcia. Historický pohľad na indexy. Matematický výpočet indexov. 
610 2 0 |a investovanie 
610 2 0 |a trh finančný 
610 2 0 |a indexy burzové 
610 2 0 |a história 
610 2 0 |a informácie 
610 2 0 |a akcie 
610 2 0 |a obchody burzové 
610 2 0 |a vzorce 
610 2 0 |a pojmy 
610 2 0 |a pohyby cenové 
100 1 |a Valter, Ján